[Event "Osijek Baranja CupT 5th"]
[Site "Nasice"]
[Date "2012.03.11"]
[Round "5.1"]
[White "Arbanas, Josip"]
[Black "Mrkonjic, Nenad"]
[Result "1/2-1/2"]
[WhiteElo "2252"]
[BlackElo "2377"]
[PlyCount "108"]
[EventDate "2012.03.09"]
[EventType "team-swiss"]
[EventRounds "5"]
[EventCountry "CRO"]
[SourceTitle "EXT 2014"]
[Source "ChessBase"]
[SourceDate "2013.11.20"]
[SourceVersion "1"]
[SourceVersionDate "2013.11.20"]
[SourceQuality "1"]

1. e4 Nf6 2. e5 Nd5 3. d4 d6 4. c4 Nb6 5. exd6 exd6 6. h3 Be7 7. Nf3 Bf5 8. Be2 c6 9. 0-0 d5 10. b3 0-0 11. Nc3 Re8 12. c5 N6d7 13. Bd3 Bxd3 14. Qxd3 Nf8 15. Bf4 Nbd7 16. b4 a6 17. Rfe1 Ng6 18. Bh2 Ndf8 19. Re3 Bf6 20. Rxe8 Qxe8 21. Re1 Qd7 22. a4 Re8 23. Rxe8 Qxe8 24. Kf1 Ne6 25. Ne2 Qd8 26. Bd6 Ngf8 27. g3 Nd7 28. h4 g6 29. h5 Ng7 30. hxg6 hxg6 31. Bf4 Qe8 32. Nc3 Ne6 33. Be3 Bg7 34. b5 axb5 35. axb5 Qa8 36. bxc6 bxc6 37. Ne2 Nf6 38. Nf4 Nf8 39. Kg2 Ne4 40. Qb3 Bf6 41. Nd3 Nd7 42. Nb4 Bd8 43. Nd3 Bc7 44. Bf4 Bxf4 45. Nxf4 Kg7 46. Nd3 Qa6 47. Nfe5 Nxe5 48. Nxe5 f6 49. Qb6 Qe2 50. Qc7+ Kh6 51. Nf7+ Kg7 52. Ng5+ Kh6 53. Nf7+ Kg7 54. Ng5+ Kh6 1/2-1/2

[Event "Osijek Baranja CupT 5th"]
[Site "Nasice"]
[Date "2012.03.10"]
[Round "2.2"]
[White "Bosnjak, Nino"]
[Black "Arbanas, Josip"]
[Result "1-0"]
[WhiteElo "2240"]
[BlackElo "2252"]
[PlyCount "49"]
[EventDate "2012.03.09"]
[EventType "team-swiss"]
[EventRounds "5"]
[EventCountry "CRO"]
[SourceTitle "EXT 2014"]
[Source "ChessBase"]
[SourceDate "2013.11.20"]
[SourceVersion "1"]
[SourceVersionDate "2013.11.20"]
[SourceQuality "1"]

1. d4 Nf6 2. c4 e5 3. dxe5 Ng4 4. e4 Nxe5 5. f4 Bb4+ 6. Nc3 Ng6 7. Nf3 Nc6 8. Bd3 Bc5 9. Ng5 h6 10. Nxf7 Kxf7 11. h4 d6 12. Qh5 Rf8 13. e5 Nce7 14. Bd2 dxe5 15. Bxg6+ Nxg6 16. 0-0-0 Kg8 17. Qxg6 Bf5 18. Qg3 Qd3 19. Qxd3 Bxd3 20. fxe5 Rae8 21. Na4 Rxe5 22. Nxc5 Rxc5 23. b3 Rd8 24. Bb4 Re5 25. Rh3 1-0

[Event "CRO-chT2 East"]
[Site "Croatia"]
[Date "2011.04.02"]
[Round "2"]
[White "Arbanas, Josip"]
[Black "Cabrilo, Goran"]
[Result "0-1"]
[WhiteElo "2303"]
[BlackElo "2445"]
[PlyCount "70"]
[EventDate "2011.04.02"]
[EventType "tourn"]
[EventRounds "11"]
[EventCountry "CRO"]
[SourceTitle "EXT 2014"]
[Source "ChessBase"]
[SourceDate "2013.11.20"]
[SourceVersion "1"]
[SourceVersionDate "2013.11.20"]
[SourceQuality "1"]

1. e4 c5 2. Nf3 e6 3. d4 cxd4 4. Nxd4 a6 5. c4 Nf6 6. Nc3 d6 7. Be3 Be7 8. Be2 Qc7 9. Rc1 b6 10. f3 Bb7 11. 0-0 0-0 12. Qe1 Nbd7 13. Qf2 Rac8 14. Rfd1 Qb8 15. h3 Rfe8 16. b3 h6 17. Bf1 Bd8 18. Qd2 Bc7 19. Nce2 Kh8 20. Kh1 Rg8 21. g4 Ne5 22. Bg2 Ng6 23. Qe1 d5 24. exd5 exd5 25. c5 bxc5 26. Rxc5 Rge8 27. Qf2 Bb6 28. Rxc8 Bxc8 29. Bc1 a5 30. Bb2 Ba6 31. Bf1 Bxe2 32. Bxe2 Qf4 33. Bf1 Ne4 34. Qh2 Ng3+ 35. Kg1 Qxf3 0-1

[Event "CRO-chT2 East"]
[Site "Osijek"]
[Date "2010.04.24"]
[Round "4.51"]
[White "Lalic, Kristijan"]
[Black "Arbanas, Josip"]
[Result "0-1"]
[WhiteElo "2295"]
[BlackElo "2285"]
[PlyCount "64"]
[EventDate "2010.04.17"]
[EventType "team-tourn"]
[EventRounds "11"]
[EventCountry "CRO"]
[SourceTitle "EXT 2012"]
[Source "ChessBase"]
[SourceDate "2011.11.24"]
[SourceVersion "1"]
[SourceVersionDate "2011.11.24"]
[SourceQuality "1"]

1. e4 e6 2. d4 d5 3. Nc3 Bb4 4. Nge2 dxe4 5. a3 Be7 6. Nxe4 Nd7 7. N2g3 Ngf6 8. Bd3 b6 9. Qf3 Rb8 10. 0-0 0-0 11. Bf4 Bb7 12. c4 Re8 13. Rad1 Nf8 14. Nxf6+ Bxf6 15. Be4 Bxe4 16. Qxe4 Qd7 17. Rd3 Ng6 18. Be5 Be7 19. Nh5 f6 20. Bg3 Bd6 21. Rfd1 f5 22. Qe3 Qf7 23. Nf4 e5 24. dxe5 Nxe5 25. Rd5 g5 26. Nd3 f4 27. Qd4 Ng6 28. Rxg5 fxg3 29. fxg3 Rbd8 30. Qg4 Qe6 31. Qh5 Bc5+ 32. Nxc5 Qe3+ 0-1

[Event "CRO-chT2c"]
[Site "Croatia"]
[Date "2009.04.04"]
[Round "2"]
[White "Kalajzic, Ivan"]
[Black "Arbanas, Josip"]
[Result "1/2-1/2"]
[WhiteElo "2249"]
[BlackElo "2288"]
[PlyCount "156"]
[EventDate "2009.04.04"]
[EventType "team-tourn"]
[EventRounds "11"]
[EventCountry "CRO"]
[SourceTitle "EXT 2010"]
[Source "ChessBase"]
[SourceDate "2010.11.25"]
[SourceVersion "1"]
[SourceVersionDate "2010.11.25"]
[SourceQuality "1"]

1. b3 c5 2. Bb2 Nc6 3. Nf3 Nf6 4. e3 d5 5. Bb5 Qb6 6. Bxc6+ Qxc6 7. Ne5 Qc7 8. f4 h5 9. 0-0 Bf5 10. d3 e6 11. Nd2 0-0-0 12. Qe1 h4 13. Ndf3 h3 14. g3 Bd6 15. Ng5 Bxe5 16. Bxe5 Qe7 17. e4 dxe4 18. dxe4 Bg6 19. Qa5 b6 20. Qa6+ Qb7 21. Qxb7+ Kxb7 22. f5 exf5 23. exf5 Bh5 24. Bxf6 gxf6 25. Ne4 Rh6 26. Rae1 Bg4 27. Rf4 Bd1 28. Rf2 Kc6 29. Nc3 Bh5 30. Re4 Rd4 31. Kf1 b5 32. Ke1 b4 33. Rxd4 cxd4 34. Ne4 Kd5 35. Rf4 Bf3 36. Nf2 Bg2 37. Ng4 Rh8 38. Nxf6+ Ke5 39. Ng4+ Kd5 40. Nf2 a5 41. Nd3 Be4 42. Kd2 f6 43. Nf2 Bg2 44. Ng4 Rf8 45. Kd3 Kc5 46. Rxd4 Re8 47. Rf4 Rd8+ 48. Ke3 Rd6 49. Rc4+ Kb5 50. Rd4 Rc6 51. Kd2 Rc5 52. Ne3 Re5 53. Rd6 Re8 54. Rxf6 Kc5 55. g4 Kd4 56. Rd6+ Ke5 57. Nc4+ Kf4 58. Rd4+ Kg5 59. Nxa5 Bf1 60. f6 Re2+ 61. Kc1 Rf2 62. Rd2 Rxf6 63. Nc4 Bxc4 64. bxc4 Kxg4 65. c5 Rc6 66. Kb2 Rxc5 67. Rd3 Re5 68. Kb3 Re4 69. c4 bxc3 70. Rxc3 Re2 71. Rc2 Rxc2 72. Kxc2 Kf3 73. a4 Kg2 74. a5 Kxh2 75. a6 Kg1 76. a7 h2 77. a8Q h1Q 78. Qxh1+ Kxh1 1/2-1/2

[Event "Bizovac Metalis op 16th"]
[Site "Bizovac"]
[Date "2009.02.20"]
[Round "4"]
[White "Rubil, Marko"]
[Black "Arbanas, Josip"]
[Result "1-0"]
[WhiteElo "2060"]
[BlackElo "2299"]
[PlyCount "111"]
[EventDate "2009.02.19"]
[EventType "swiss"]
[EventRounds "7"]
[EventCountry "CRO"]
[SourceTitle "CBM 128 Extra"]
[Source "ChessBase"]
[SourceDate "2009.03.05"]
[SourceVersion "2"]
[SourceVersionDate "2009.03.25"]
[SourceQuality "1"]

1. e4 c5 2. Nf3 Nc6 3. d4 cxd4 4. Nxd4 Nf6 5. Nc3 d6 6. Bg5 e6 7. Qd2 a6 8. 0-0-0 Bd7 9. f4 Be7 10. Be2 0-0 11. Bf3 h6 12. Bxf6 Bxf6 13. Nde2 Be7 14. g4 b5 15. Ng3 Ne5 16. Bg2 Rc8 17. Qd4 Rc4 18. Qa7 Rxc3 19. bxc3 Nc4 20. Bf1 Qc8 21. Bxc4 bxc4 22. Qb6 Bc6 23. Rhe1 d5 24. exd5 Ba3+ 25. Kb1 Qb8 26. Qxb8 Rxb8+ 27. Ka1 Bb2+ 28. Kb1 Bxc3+ 29. Kc1 Bxd5 30. Re3 Bb4 31. Ne2 Bc5 32. Rc3 Rc8 33. a3 Be7 34. Re3 Kf8 35. h3 g6 36. Kd2 Bc5 37. Rc3 Rb8 38. Kc1 g5 39. f5 Be7 40. Re3 Rb5 41. Nd4 Rb6 42. Ne2 Bf6 43. Nc3 Rd6 44. Ne4 Be5 45. Nxd6 Bxd6 46. Kb1 Bf4 47. Rc3 Be5 48. Re3 Bf4 49. fxe6 fxe6 50. Rxd5 exd5 51. Re6 Kf7 52. Rxa6 Ke7 53. Rxh6 d4 54. Rc6 c3 55. Ka2 Kd7 56. Rc4 1-0

[Event "Bizovac Metalis op 14th"]
[Site "Bizovac"]
[Date "2007.02.22"]
[Round "1"]
[White "Sucic, Mihael"]
[Black "Arbanas, Josip"]
[Result "0-1"]
[WhiteElo "1908"]
[BlackElo "2318"]
[PlyCount "110"]
[EventDate "2007.02.22"]
[EventType "swiss"]
[EventRounds "7"]
[EventCountry "CRO"]
[SourceTitle "CBM 116 Extra"]
[Source "ChessBase"]
[SourceDate "2007.03.07"]
[SourceVersion "1"]
[SourceVersionDate "2007.03.07"]
[SourceQuality "1"]

1. d4 Nf6 2. c4 g6 3. Nc3 Bg7 4. e4 d6 5. f4 0-0 6. Nf3 c5 7. d5 e6 8. Bd3 exd5 9. cxd5 a6 10. a4 Re8 11. 0-0 Nbd7 12. Re1 Qc7 13. Bc4 Nb6 14. Qd3 Bg4 15. a5 Nxc4 16. Qxc4 Bxf3 17. gxf3 Nh5 18. Ne2 b5 19. axb6 Qxb6 20. Ng3 Nxg3 21. hxg3 Bd4+ 22. Kg2 a5 23. Rb1 Rab8 24. Re2 Qc7 25. Bd2 Rb7 26. Bc3 Bxc3 27. Qxc3 Rb4 28. Ra1 a4 29. Ra3 Qd7 30. Rc2 Rd4 31. Rd2 Rxd2+ 32. Qxd2 Rb8 33. Qc2 Rb4 34. b3 axb3 35. Rxb3 Qa4 36. Rb2 Qa1 37. Rxb4 cxb4 38. Kf2 Qa3 39. Ke2 b3 40. Qc8+ Kg7 41. Qc3+ Kh6 42. Kd2 b2 43. Qxa3 b1N+ 44. Kc2 Nxa3+ 45. Kb3 Nb5 46. Kc4 Na7 47. e5 Kg7 48. exd6 Kf8 49. Kc5 Ke8 50. Kb6 Kd7 51. Kxa7 Kxd6 52. Kb7 Kxd5 53. Kc7 Kd4 54. Kd6 Ke3 55. Ke5 Kxf3 0-1

[Event "Djakovo op-B"]
[Site "Djakovo"]
[Date "2005.05.04"]
[Round "5"]
[White "Arbanas, Josip"]
[Black "Rosic, Slavko S"]
[Result "1-0"]
[WhiteElo "2297"]
[BlackElo "2294"]
[PlyCount "53"]
[EventDate "2005.05.01"]
[EventType "swiss"]
[EventRounds "9"]
[EventCountry "CRO"]
[SourceTitle "CBM 106 Extra"]
[Source "ChessBase"]
[SourceDate "2005.07.01"]
[SourceVersion "1"]
[SourceVersionDate "2005.07.01"]
[SourceQuality "1"]

1. e4 c5 2. Nf3 d6 3. d4 cxd4 4. Nxd4 Nf6 5. Nc3 a6 6. f3 e6 7. Be3 b5 8. Qd2 Bb7 9. a4 b4 10. Na2 d5 11. e5 Nfd7 12. f4 Nc5 13. c3 Ne4 14. Qc2 bxc3 15. bxc3 Nc6 16. Be2 Rc8 17. Nxc6 Bxc6 18. Bxa6 Ra8 19. Bb5 Bxb5 20. axb5 Qa5 21. 0-0 Qxb5 22. Rfb1 Qc4 23. Nb4 Rxa1 24. Rxa1 Bc5 25. Qa4+ Ke7 26. Nc6+ Kd7 27. Nb8+ 1-0

[Event "Djakovo op-B"]
[Site "Djakovo"]
[Date "2005.05.02"]
[Round "3"]
[White "Arbanas, Josip"]
[Black "Sargac, Rajna"]
[Result "1-0"]
[WhiteElo "2297"]
[BlackElo "2196"]
[PlyCount "119"]
[EventDate "2005.05.01"]
[EventType "swiss"]
[EventRounds "9"]
[EventCountry "CRO"]
[SourceTitle "CBM 106 Extra"]
[Source "ChessBase"]
[SourceDate "2005.07.01"]
[SourceVersion "1"]
[SourceVersionDate "2005.07.01"]
[SourceQuality "1"]

1. e4 c5 2. Nf3 Nc6 3. Bb5 d6 4. h3 Bd7 5. a4 g6 6. 0-0 Bg7 7. c3 Ne5 8. Nxe5 dxe5 9. Qe2 Nf6 10. Re1 0-0 11. Bc4 Bc6 12. d3 Qd7 13. Be3 b6 14. Qc2 Nh5 15. Nd2 Kh8 16. Qb3 e6 17. Nf3 Rae8 18. Bb5 f5 19. Bc1 a6 20. Bxc6 Qxc6 21. Qc2 Qd6 22. Re2 Rd8 23. Ne1 f4 24. Bd2 Rf7 25. Rd1 Rfd7 26. Bc1 b5 27. axb5 axb5 28. Nf3 Qc6 29. c4 b4 30. b3 Bf6 31. Qb1 Ng7 32. Bb2 Rd4 33. Bxd4 exd4 34. e5 Be7 35. Ra2 g5 36. Qa1 h5 37. Ra6 Qe8 38. Qa4 Qg6 39. Ra8 g4 40. Rxd8+ Bxd8 41. hxg4 hxg4 42. Ne1 Bg5 43. Qa8+ Kh7 44. Qe4 Nf5 45. Ra1 g3 46. fxg3 fxg3 47. Kf1 Qh5 48. Qf3 Qxf3+ 49. Nxf3 Ne3+ 50. Kg1 Bf4 51. Ra6 Nd1 52. Rxe6 Be3+ 53. Kf1 Bf2 54. Nh4 Kg7 55. Ke2 Ne3 56. Kf3 Nc2 57. Rc6 Na1 58. Rxc5 Nxb3 59. Rc7+ Kh6 60. Kg4 1-0

[Event "Djakovo op-B"]
[Site "Djakovo"]
[Date "2005.05.02"]
[Round "2"]
[White "Sipic, Hrvoje"]
[Black "Arbanas, Josip"]
[Result "0-1"]
[WhiteElo "2199"]
[BlackElo "2297"]
[PlyCount "178"]
[EventDate "2005.05.01"]
[EventType "swiss"]
[EventRounds "9"]
[EventCountry "CRO"]
[SourceTitle "CBM 106 Extra"]
[Source "ChessBase"]
[SourceDate "2005.07.01"]
[SourceVersion "1"]
[SourceVersionDate "2005.07.01"]
[SourceQuality "1"]

1. e4 c5 2. Nf3 Nc6 3. d4 cxd4 4. Nxd4 Nf6 5. Nc3 e5 6. Ndb5 d6 7. Bg5 a6 8. Na3 b5 9. Bxf6 gxf6 10. Nd5 Be6 11. c3 f5 12. exf5 Bxf5 13. Qf3 Be6 14. Nf6+ Ke7 15. Nc2 d5 16. Rd1 e4 17. Nxe4 Bg7 18. Qe3 Kf8 19. Ng3 h5 20. Qc5+ Ne7 21. Nd4 Qc8 22. Qa3 h4 23. Nge2 Rh6 24. Nf4 Be5 25. Nd3 Bg7 26. Be2 Rb8 27. 0-0 Rb6 28. Nxe6+ fxe6 29. f4 Bf6 30. Ne5 Ke8 31. Bd3 Bg7 32. Rde1 Qc7 33. Qb4 Qd6 34. Qd4 Rb7 35. Qe3 Qb6 36. Ng4 d4 37. Qe4 dxc3+ 38. Kh1 Rh5 39. bxc3 h3 40. g3 Bxc3 41. Qxe6 Bxe1 42. Nf6+ Kd8 43. Qxb6+ Rxb6 44. Nxh5 Bc3 45. g4 Rd6 46. Rf3 b4 47. Rxh3 a5 48. f5 a4 49. Bc2 a3 50. Nf4 Nc6 51. Ne6+ Ke7 52. g5 Rd2 53. Bb3 Na5 54. f6+ Kd6 55. f7 Rf2 56. Rd3+ Ke7 57. f8Q+ Rxf8 58. Nxf8 Nxb3 59. Ng6+ Kf7 60. Nh8+ Kg7 61. axb3 a2 62. Rd1 a1Q 63. Rxa1 Bxa1 64. Kg2 Kxh8 65. Kf3 Kg7 66. h4 Bc3 67. Kg4 Kf7 68. Kf5 Kg7 69. h5 Bd2 70. Kg4 Bc1 71. Kf5 Kf7 72. h6 Bd2 73. g6+ Kg8 74. h7+ Kg7 75. Kg4 Bc3 76. Kg5 Kf8 77. Kh6 Bg7+ 78. Kg5 Ke7 79. Kf5 Kd6 80. Ke4 Kc5 81. Kd3 Kd5 82. Ke3 Bf6 83. Kd3 Bd4 84. Ke2 Ke4 85. Kf1 Kd3 86. Kg2 Kc3 87. Kf3 Kxb3 88. Ke4 Kc4 89. Kf5 Kd5 0-1

[Event "CRO-chT2 East"]
[Site "Croatia"]
[Date "2005.04.24"]
[Round "6.3"]
[White "Arbanas, Josip"]
[Black "Filipovic, Marko"]
[Result "0-1"]
[WhiteElo "2289"]
[BlackElo "2253"]
[PlyCount "104"]
[EventDate "2005.03.19"]
[EventType "team"]
[EventRounds "11"]
[EventCountry "CRO"]
[SourceTitle "EXT 2007"]
[Source "ChessBase"]
[SourceDate "2006.11.23"]
[SourceVersion "1"]
[SourceVersionDate "2006.11.23"]
[SourceQuality "1"]

1. d4 Nf6 2. Nf3 g6 3. c4 Bg7 4. g3 c5 5. d5 b5 6. cxb5 a6 7. Nc3 axb5 8. Bg2 b4 9. Nb1 Bb7 10. d6 0-0 11. 0-0 Ra6 12. dxe7 Qxe7 13. Nbd2 d5 14. Nb3 Nbd7 15. Qc2 Ne4 16. a3 Rfa8 17. Nbd2 Nxd2 18. Qxd2 Nb6 19. Rb1 Nc4 20. Qc2 bxa3 21. bxa3 Nxa3 22. Bxa3 Rxa3 23. e3 c4 24. Nd4 Bxd4 25. exd4 Ra2 26. Rb2 Qa3 27. Rfb1 Rxb2 28. Rxb2 Bc6 29. Rb1 Qa2 30. Qc1 c3 31. h4 Qc4 32. Qf4 Re8 33. h5 Qd3 34. Rc1 Qd2 35. Ra1 Qxf4 36. gxf4 Rb8 37. Bf1 Kg7 38. hxg6 hxg6 39. Rc1 Rb3 40. f3 Bd7 41. Kf2 Bf5 42. Be2 c2 43. Ke1 Rb4 44. Kd2 Rxd4+ 45. Ke3 Rb4 46. Ba6 d4+ 47. Kd2 Rb1 48. Bc4 Rxc1 49. Kxc1 d3 50. Bd5 Kf6 51. Kd2 Ke7 52. Bc4 f6 0-1

[Event "CRO-chT2 East"]
[Site "Croatia"]
[Date "2005.03.19"]
[Round "1.1"]
[White "Goric, Esad"]
[Black "Arbanas, Josip"]
[Result "0-1"]
[WhiteElo "2381"]
[BlackElo "2289"]
[PlyCount "66"]
[EventDate "2005.03.19"]
[EventType "team"]
[EventRounds "11"]
[EventCountry "CRO"]
[SourceTitle "EXT 2007"]
[Source "ChessBase"]
[SourceDate "2006.11.23"]
[SourceVersion "1"]
[SourceVersionDate "2006.11.23"]
[SourceQuality "1"]
[WhiteTeam "Vinkovci"]
[BlackTeam "Beli Manastir"]
[WhiteTeamCountry "CRO"]
[BlackTeamCountry "CRO"]

1. c4 g6 2. Nc3 Bg7 3. g3 Nf6 4. Bg2 0-0 5. d3 d6 6. Nf3 c6 7. 0-0 a5 8. Bd2 Re8 9. a3 e5 10. Qc2 d5 11. e4 d4 12. Ne2 a4 13. Nc1 c5 14. b4 axb3 15. Nxb3 Qe7 16. h3 Bd7 17. Nc1 Ba4 18. Qb2 Nbd7 19. Ne1 Nh5 20. Ne2 b5 21. cxb5 Reb8 22. f4 Rxb5 23. Qc1 exf4 24. gxf4 Rab8 25. e5 Rb2 26. Rf2 Bh6 27. Nf3 Rc2 28. Qe1 Bb5 29. Rb1 Bxd3 30. Rxb8+ Nxb8 31. Qd1 Rb2 32. Nexd4 Rb1 33. Bc1 cxd4 0-1

[Event "Bizovac Metalis op 12th"]
[Site "Bizovac"]
[Date "2005.02.26"]
[Round "5"]
[White "Arbanas, Josip"]
[Black "Zecevic, Dean"]
[Result "1-0"]
[WhiteElo "2289"]
[BlackElo "2399"]
[PlyCount "122"]
[EventDate "2005.02.24"]
[EventType "swiss"]
[EventRounds "7"]
[EventCountry "CRO"]
[SourceTitle "CBM 105 Extra"]
[Source "ChessBase"]
[SourceDate "2005.05.01"]
[SourceVersion "1"]
[SourceVersionDate "2005.05.01"]
[SourceQuality "1"]

1. e4 e5 2. Nf3 Nc6 3. Bb5 a6 4. Ba4 d6 5. c3 Bd7 6. 0-0 Nge7 7. Re1 Ng6 8. d3 Be7 9. Nbd2 0-0 10. Nf1 Kh8 11. Ng3 Nh4 12. Nxh4 Bxh4 13. Nf5 Bf6 14. Bc2 g6 15. Ng3 Bg7 16. f4 Qh4 17. f5 f6 18. Rf1 Bh6 19. Qf3 Bxc1 20. Raxc1 Ne7 21. Bb3 c6 22. Rcd1 gxf5 23. exf5 d5 24. Qf2 Rae8 25. d4 e4 26. Rde1 Qg5 27. Qf4 Qxf4 28. Rxf4 b5 29. Kf2 Nc8 30. Nf1 Nd6 31. Ne3 Rg8 32. g4 h5 33. h3 hxg4 34. hxg4 Kg7 35. Kg3 Rh8 36. Rf2 Nf7 37. Ng2 Ng5 38. Nf4 Kf7 39. Bd1 Rh6 40. Rh2 Rxh2 41. Kxh2 Rb8 42. Kg3 Rh8 43. Be2 Be8 44. Ng6 Rh3+ 45. Kg2 Kg7 46. Nf4 Rh8 47. Rc1 Bf7 48. Ra1 Rb8 49. Rc1 Kf8 50. Kg3 Ke7 51. Nh3 Nxh3 52. Kxh3 a5 53. Kg3 Rh8 54. Kg2 Kd6 55. Kg3 c5 56. Bxb5 Rb8 57. a4 Rc8 58. dxc5+ Ke5 59. Rh1 d4 60. cxd4+ Kxd4 61. Kf4 Bd5 1-0

[Event "Bizovac Metalis op 12th"]
[Site "Bizovac"]
[Date "2005.02.26"]
[Round "6"]
[White "Saric, Ibro"]
[Black "Arbanas, Josip"]
[Result "1-0"]
[WhiteElo "2473"]
[BlackElo "2289"]
[PlyCount "137"]
[EventDate "2005.02.24"]
[EventType "swiss"]
[EventRounds "7"]
[EventCountry "CRO"]
[SourceTitle "CBM 105 Extra"]
[Source "ChessBase"]
[SourceDate "2005.05.01"]
[SourceVersion "1"]
[SourceVersionDate "2005.05.01"]
[SourceQuality "1"]

1. d4 Nf6 2. c4 e6 3. Nf3 d5 4. g3 Bb4+ 5. Bd2 Be7 6. Bg2 c6 7. 0-0 dxc4 8. Qc2 b5 9. b3 cxb3 10. axb3 0-0 11. Ba5 Qe8 12. Ne5 Bb7 13. Nc3 Nd5 14. Ne4 Na6 15. Nd3 Ndb4 16. Bxb4 Nxb4 17. Nxb4 Bxb4 18. Nc5 Bxc5 19. Qxc5 a6 20. Rfc1 Rc8 21. e3 Qd7 22. b4 Rfd8 23. Qh5 Qe7 24. Rc5 Rc7 25. g4 g6 26. Qh6 Qf8 27. Qh4 Qe8 28. Ra3 Rd6 29. Qg3 Qe7 30. g5 Qd8 31. h4 Rcd7 32. Be4 Rd5 33. Bxd5 exd5 34. Kf1 Re7 35. Ke2 Qd7 36. Kd2 Re4 37. Ra1 Kg7 38. Rh1 Qf5 39. f3 Re7 40. Qh3 Qxh3 41. Rxh3 h5 42. Rh1 f5 43. gxf6+ Kxf6 44. Rg1 Re6 45. Rcc1 Kf7 46. Rg5 Rf6 47. Ke2 Bc8 48. Ra1 Ke7 49. Rf1 Bf5 50. Rc1 Kd6 51. Ra1 Bc8 52. e4 dxe4 53. fxe4 Kc7 54. Ke3 Bg4 55. d5 cxd5 56. Rxd5 Kb7 57. e5 Rf3+ 58. Ke4 Rb3 59. Rd4 Rc3 60. Rf1 Bf5+ 61. Kf4 Rh3 62. Kg5 Re3 63. Kf6 Re2 64. Rff4 Kc7 65. Rd6 Bc8 66. Rfd4 Rf2+ 67. Kxg6 Rf5 68. e6 Rf2 69. e7 1-0

[Event "Bizovac Metalis op 11th"]
[Site "Bizovac"]
[Date "2004.02.28"]
[Round "5"]
[White "Ghersinich, Giuseppe"]
[Black "Arbanas, Josip"]
[Result "0-1"]
[WhiteElo "2029"]
[BlackElo "2251"]
[PlyCount "50"]
[EventDate "2004.02.26"]
[EventType "swiss"]
[EventRounds "7"]
[EventCountry "CRO"]
[SourceTitle "CBM 098 Extra"]
[Source "ChessBase"]
[SourceDate "2004.03.10"]
[SourceVersion "2"]
[SourceVersionDate "2004.03.10"]
[SourceQuality "1"]

1. d4 Nf6 2. c4 g6 3. Nc3 Bg7 4. e4 d6 5. f3 0-0 6. Be3 Nc6 7. Qd2 a6 8. a3 Rb8 9. g4 e5 10. Nge2 exd4 11. Nxd4 Ne5 12. Be2 c5 13. Nc2 b5 14. cxb5 axb5 15. 0-0-0 b4 16. Nd5 Nxd5 17. Qxd5 bxa3 18. Nxa3 Rxb2 19. Rd2 Be6 20. Rxb2 Bxd5 21. exd5 Nxf3 22. Rb3 Nd4 23. Bxd4 Bxd4 24. h4 Qe7 25. Bf3 c4 0-1

[Event "Bizovac Metalis op 11th"]
[Site "Bizovac"]
[Date "2004.02.27"]
[Round "3"]
[White "Fercec, Nenad"]
[Black "Arbanas, Josip"]
[Result "1-0"]
[WhiteElo "2467"]
[BlackElo "2251"]
[PlyCount "77"]
[EventDate "2004.02.26"]
[EventType "swiss"]
[EventRounds "7"]
[EventCountry "CRO"]
[SourceTitle "CBM 098 Extra"]
[Source "ChessBase"]
[SourceDate "2004.03.10"]
[SourceVersion "2"]
[SourceVersionDate "2004.03.10"]
[SourceQuality "1"]

1. e4 c5 2. Nf3 Nc6 3. d4 cxd4 4. Nxd4 Nf6 5. Nc3 e5 6. Ndb5 d6 7. Bg5 a6 8. Na3 b5 9. Bxf6 gxf6 10. Nd5 f5 11. Bd3 Be6 12. c3 Bg7 13. Qh5 Rb8 14. 0-0 Bxd5 15. exd5 Ne7 16. Bxf5 Nxf5 17. Qxf5 b4 18. Nc4 bxc3 19. bxc3 0-0 20. Ne3 Qa5 21. Qg4 Kh8 22. Nf5 Bf6 23. Nxd6 Qxd5 24. Rfd1 Qc6 25. Qf5 Bg7 26. Rd3 h6 27. Rad1 Qa4 28. Nxf7+ Kg8 29. Nxh6+ Bxh6 30. Qg6+ Bg7 31. Rd7 Qxd1+ 32. Rxd1 Rf6 33. Qe4 Rf4 34. Qe2 a5 35. g3 Rf7 36. Qc4 Rbb7 37. Rd8+ Bf8 38. Qg4+ Kh7 39. Rxf8 1-0

[Event "Bizovac Metalis op 09th"]
[Site "Bizovac"]
[Date "2002.02.23"]
[Round "6"]
[White "Rogulj, Branko"]
[Black "Arbanas, Josip"]
[Result "1-0"]
[WhiteElo "2452"]
[BlackElo "2223"]
[PlyCount "59"]
[EventDate "2002.02.21"]
[EventType "swiss"]
[EventRounds "7"]
[EventCountry "CRO"]
[SourceTitle "CBM 086 Extra"]
[Source "ChessBase"]
[SourceDate "2002.03.14"]
[SourceVersion "1"]
[SourceVersionDate "2002.03.14"]
[SourceQuality "1"]

1. e4 e5 2. Nf3 Nc6 3. Nc3 g6 4. d4 exd4 5. Nxd4 Bg7 6. Be3 Nge7 7. Bc4 0-0 8. 0-0 d6 9. h3 Nxd4 10. Bxd4 Bxd4 11. Qxd4 Nc6 12. Qd2 Be6 13. Bd5 Ne7 14. Bb3 Bxb3 15. axb3 Nc6 16. Nd5 f6 17. Qc3 Rf7 18. b4 Nb8 19. b5 c6 20. bxc6 bxc6 21. Ne3 Qc7 22. Rfd1 Kg7 23. Qd2 Rd7 24. Ng4 Qd8 25. Ra3 a5 26. Rf3 Rf7 27. Qh6+ Kh8 28. Qf4 Nd7 29. Qxd6 Ra7 30. Ne5 1-0

[Event "Belisce Metalis op 6th"]
[Site "Belisce"]
[Date "1999.02.27"]
[Round "6"]
[White "Arbanas, Josip"]
[Black "Jovanovic, Zoran"]
[Result "0-1"]
[WhiteElo "2212"]
[BlackElo "2268"]
[PlyCount "44"]
[EventDate "1999.02.??"]
[EventType "swiss"]
[EventRounds "7"]
[EventCountry "CRO"]
[SourceTitle "EXT 2000"]
[Source "ChessBase"]
[SourceDate "1999.11.16"]
[SourceVersion "1"]
[SourceVersionDate "1999.11.16"]
[SourceQuality "1"]

1. e4 c5 2. Nf3 d6 3. d4 cxd4 4. Nxd4 Nf6 5. Nc3 Nc6 6. Be2 g6 7. Be3 Bg7 8. Nb3 0-0 9. 0-0 Be6 10. f4 Rc8 11. f5 Bd7 12. g4 Ne5 13. Nd2 Rxc3 14. bxc3 Bc6 15. Bf3 d5 16. g5 Nxf3+ 17. Qxf3 Nxe4 18. Nxe4 dxe4 19. Qf2 Bxc3 20. Rad1 Qa5 21. Bd4 e3 22. Qxe3 Qd5 0-1

[Event "CRO-chT2"]
[Site "Tucepi"]
[Date "1996.??.??"]
[Round "?"]
[White "Arbanas, Josip"]
[Black "Fucak, Emilijo"]
[Result "1/2-1/2"]
[WhiteElo "2165"]
[BlackElo "2300"]
[PlyCount "112"]
[EventDate "1996.??.??"]
[EventType "team"]
[EventRounds "9"]
[EventCountry "CRO"]
[SourceTitle "EXT 1998"]
[Source "ChessBase"]
[SourceDate "1997.11.17"]
[SourceVersion "1"]
[SourceVersionDate "1997.11.17"]
[SourceQuality "1"]

1. e4 c6 2. d4 d5 3. exd5 Qxd5 4. Nc3 Qa5 5. h3 Nf6 6. Nf3 e6 7. Bd2 Qc7 8. Bd3 Nbd7 9. Qe2 Bd6 10. 0-0-0 Nd5 11. Ne4 Nf4 12. Nxd6+ Qxd6 13. Bxf4 Qxf4+ 14. Kb1 b6 15. Ne5 Bb7 16. g3 Qf6 17. Be4 Rc8 18. Rhe1 Rc7 19. f4 0-0 20. Qf3 Rfc8 21. g4 Qe7 22. g5 c5 23. Bxb7 Nxe5 24. Rxe5 Rxb7 25. d5 Rd7 26. dxe6 Rxd1+ 27. Qxd1 fxe6 28. Qe2 Rd8 29. Rxe6 Qd7 30. a3 Qd1+ 31. Qxd1 Rxd1+ 32. Ka2 Kf7 33. Rc6 Rh1 34. f5 Rxh3 35. Rc7+ Kf8 36. f6 h5 37. Rxg7 Rg3 38. g6 a5 39. Rf7+ Kg8 40. Rg7+ Kf8 41. a4 h4 42. c3 Rg4 43. Rh7 Rxg6 44. Rxh4 Rxf6 45. Kb3 Ke7 46. Kc4 Kd6 47. Kb5 Kc7 48. Rh7+ Kc8 49. c4 Rg6 50. Ka6 Rg2 51. Kxb6 Rxb2+ 52. Kc6 Kb8 53. Rh8+ Ka7 54. Kxc5 Rb4 55. Kd5 Rxa4 56. c5 Ra1 1/2-1/2